| 000 -LEADER |
| fixed length control field |
00595nam a2200193Ia 4500 |
| 001 - CONTROL NUMBER |
| control field |
18708 |
| 003 - CONTROL NUMBER IDENTIFIER |
| control field |
GE_BSU |
| 008 - FIXED-LENGTH DATA ELEMENTS--GENERAL INFORMATION |
| fixed length control field |
181216s||||||||xx |||||||||||||| ||und|| |
| 040 ## - CATALOGING SOURCE |
| Transcribing agency |
GE_BSU |
| 245 ## - TITLE STATEMENT |
| Title |
Вокруг света №12 (2915) 2016. |
| 245 ## - TITLE STATEMENT |
| Remainder of title |
журнал русского географического общества |
| 260 ## - PUBLICATION, DISTRIBUTION, ETC. |
| Place of publication, distribution, etc. |
Москва |
| 260 ## - PUBLICATION, DISTRIBUTION, ETC. |
| Date of publication, distribution, etc. |
2016 |
| 300 ## - PHYSICAL DESCRIPTION |
| Extent |
152стп,фото,30см |
| 520 ## - SUMMARY, ETC. |
| Summary, etc. |
Юбилейны выпуск к 155-летию журнала |
| 653 ## - INDEX TERM--UNCONTROLLED |
| Uncontrolled term |
Вокруг света |
| 653 ## - INDEX TERM--UNCONTROLLED |
| Uncontrolled term |
პერიოდიკა |
| 942 ## - ADDED ENTRY ELEMENTS (KOHA) |
| Koha item type |
პერიოდიკა |